NOPLP Révisions - Tu n'es plus là - Statistiques

Statistiques générales
  • Ce quiz a été pris 3 fois
  • Le résultat moyen est 29 sur 56
Statistiques - réponses
Réponse % Correct
Où est l'épaule
100%
Où est passée la voix
100%
Sur laquelle j'me reposais
100%
Dans mon demi-sommeil
50%
Dans mon demi-sommeil
50%
Dans mon demi-sommeil
50%
Dans mon demi-sommeil
50%
De c'qui nous est arrivé
50%
Effacé tes erreurs
50%
Et enterré le reste
50%
Et qu'il m'offre encore
50%
Et qu'il m'offre encore
50%
Et qu'il m'offre encore
50%
Et qu'il m'offre encore
50%
J'ai gardé le meilleur
50%
J'ai même peur d'accepter
50%
Je respire mais je sais
50%
Je respire mais je sais
50%
Je respire mais je sais
50%
Je respire mais je sais
50%
J'y pense tous les jours
50%
La présence chaude
50%
L'autre moitié de moi
50%
Le vide est le même
50%
Le vide est le même
50%
Le vide est le même
50%
Le vide est le même
50%
Oublié tes promesses
50%
Plus rien n'est pareil
50%
Plus rien n'est pareil
50%
Plus rien n'est pareil
50%
Plus rien n'est pareil
50%
Quand le jour me réveille
50%
Quand le jour me réveille
50%
Quand le jour me réveille
50%
Quand le jour me réveille
50%
Quand tu n'es plus là
50%
Quand tu n'es plus là
50%
Quand tu n'es plus là
50%
Quand tu n'es plus là
50%
Que je n'vis pas
50%
Que je n'vis pas
50%
Que je n'vis pas
50%
Que je n'vis pas
50%
Que mon corps aimait serrer
50%
Qui répondait à mes questions
50%
Sans qui j'perdais la raison
50%
Ses plus beaux éclats
50%
Ses plus beaux éclats
50%
Ses plus beaux éclats
50%
Ses plus beaux éclats
50%
Tu n'es plus là
50%
Tu n'es plus là
50%
Tu n'es plus là
50%
Tu n'es plus là
50%
Je n'suis plus sûre
0%
Aucun quiz correspondant
Distribution des résultats
% des personnes avec chaque résultat
Percentile par nombre de réponses
Votre historique - résultats
Vous n’avez pas pris ce quiz